02950 a2200313 45000010006000000050017000060080041000230030015000640400040000790800133001192450070002520200022003222640033003443000025003775051804004020410008022061000037022147000033022517000027022847000030023117000025023417000029023667000029023957000030024247000027024547000025024817000035025068560095025416374820260407155937.0260407a2025 arg spa dAR-UNSa-BCEJYS aAR-UNSa-BCEJYSbspacAR-UNSa-BCEJYS a349.2(094.5)x(Legislación del trabajo (Legislación laboral, contrato de trabajo,procedimiento laboral,riesgo laboral etc.))10aManual de riesgos laboralespDe la prevención a la reparación a978-987-03-4864-1 1aBuenos Aires :bLa Leyc2025 axxix, 313 p.c25 cm. a1. La complejidad de la prevención de los riesgos laborales / Carlos María Vargas Gómez - 2. La influencia de la cultura organizacional en la prevención de riesgos laborales: un enfoque psico-sociológico / David Ángel Martínez - 3. Interacción de la prevención de infortunios laborales entre la LRT y el Código Civil y Comercial de la Nación / Martha Inés Ugolini y Marcela Fernanda Vargas Gómez - 4. De las obligaciones en el sistema de riesgos del trabajo / Ángela Generosa Oieni - 5. Responsabilidad tarifada en el sistema de riesgos del trabajo: análisis de contingencias, pluriempleo y relaciones laborales finalizadas / Martha Inés Ugolini - 6. Denuncia de la contingencia / Martha Inés Ugolini - 7. Tipos de incapacidad y prestaciones dinerarias y en especie / Matías Benjamín Cardozo - 8. Relaciones de las contingencias laborales con el contrato de trabajo / Matías Benjamín Cardozo y Martha Inés Ugolini - 9. Contingencias cubiertas por el sistema de riesgos del trabajo / Marcela Fernanda Vargas Gómez y Ariel Valdivia Dahl - 10. El COVID-19 como riesgo del trabajo / María Paula Motti - 11. Nuevas contingencias laborales: el teletrabajo / Ángela Generosa Oieni - 12. Límites cualitativos de la cobertura sistémica / María Paula Motti - 13. Comisiones médicas / Marcela Fernanda Vargas Gómez y Ariel Valdivia Dahl - 14. Patrocinio letrado / Karina Andrea López - 15. Procedimiento ante Comisión médica central / Antonio Luis Sambucetti, Elena Elizabeth Scarlato y Ariel Valdivia Dahl / 16. Trámites ante el servicio de homologación de la SRT y valoración de daño / Ángela Generosa Oieni - 17. Procedimiento ante el servicio de homologación por fallecimiento laboral (casos mortales) / Karina Andrea López -  aspa1 aVargas Gómez, Marcela Fernanda1 aCardozo, Matías Benjamín1 aLópez, Karina Andrea1 aMartínez, David Ángel1 aMotti, María Paula1 aOieni, Ángela Generosa1 aSambucetti, Antonio Luis1 aScarlato, Elena Elizabeth1 aUgolini, Martha Inés1 aValdivia Dahl, Ariel1 aVargas Gómez, Carlos María41uhttps://biblioeco.unsa.edu.ar/pmb/images/libros/L129431.jpgyImagen de portadaqimage/jpeg